1465 1517 1465 1498 1614 1741 1147 1287 1497 1708 1286 1983 1660 1637 1585 1280 1086 1232 1169 1132 1391 1019 1895 1580 1255 1640 1130 1037 1264 1253 1201 1899 1331 1839 1862 1284 1845 1791 1612 1131 1659 1408 1393 1581 1119 1506 1368 1608 1536 1200 1418 1650 1790 1001 1812 1267 1904 1261 1120 1954 1676 1560 1864 1743 1615 1797 1429 1296 1888 1620 1430 1170 1563 1630 1273 1923 1043 1993 1651 1307 1680 1299 1551 1328 1893 1138 1837 1657 1741 1082 1871 1963 1488 1822 1691 1405 1233 1480 1300 BCNSPRNW ULIB Ver.6.0+V

เปลี่ยนเป็นภาษาไทย

Change to English
 แสดงรายละเอียดบรรณานุกรม
  กลับหน้าหลัก

Brief Record : Get Marc (ISO 2709) : E-mail record : QR code < ปิดหน้าต่าง
LEADER : 00000nam 2200000uu 4500
001    13399121346
003     ULIB
008    121115s2555||||th 000 0 tha d
099    วจ.WY18.5^bน196ค
100 0  นภาดล สีหพันธุ์, ปาริชาต รัตนราช และไพรวัลย์ โคตรตะ
245 00 คุณลักษณะของพยาบาลวิชาชีพตามความต้องการของสังคมในเขตตรวจราชการกระทรวงสาธารณสุขที่ 13/^cนภาดล สีหพันธุ์, ปาริชาต รัตนราช และไพรวัลย์ โคตรตะ
260    ^c2555
300    100 แผ่น
700 0  ปาริชาต รัตนราช,^eผู้ร่วมวิจัย
700 0  ไพรวัลย์ โคตรตะ,^eผู้ร่วมวิจัย
945    ^p0^l0^i033087
995    เกษร
999    ^aใช้งานได้ทุกระบบ
รายการนี้ยังไม่มีแท็ก
คุณยังไม่ได้ล็อกอิน คุณสามารถมีกิจกรรมร่วมกับเว็บไซต์ได้ แต่ต้องล็อกอินก่อน ::
  ล็อกอิน

รายการสื่อสารสนเทศ

ลำดับที่ ประเภท เลขเรียก/บาร์โค้ด สถานที่ สถานะ
1. งานวิจัย
งานวิจัย
วจ.WY18.5 น196ค  
  Barcode: 033087
ห้องสมุดวิทยาเขตสวรรค์ประชารักษ์
►วิจัย
บนชั้น

BibComment


ยังไม่เคยถูกคอมเมนท์

คอมเมนท์ทรัพยากรรายการนี้
  คอมเมนท์: คุณลักษณะของพยาบา..


 Copyright 2026. Bcnsprnw @Library